English monarchs - Statistics

General Stats
  • This quiz has been taken 74 times
  • The average score is 32 of 52
Answer Stats
Monarch Reign % Correct
Henry V 1413 - 1422
93%
Elizabeth I the Virgin Queen 1558 - 1603
91%
Henry I 1100 - 1135
91%
Henry VII 1485 - 1509
91%
Henry VIII 1509 - 1547
91%
Henry II 1154 - 1189
89%
Henry VI 1422 - 1461 (first time)
89%
William I the Conqueror 1066 -1087
89%
Henry III 1216 - 1272
87%
Henry IV of Bolingbroke 1399 - 1413
87%
William II 1007 - 1100
85%
Edward I Longshanks 1272 - 1307
82%
Edward V 1483
82%
Edward VI 1547 - 1553
82%
Richard III 1483 - 1485
82%
William III of Orange 1689 - 1702 (co-ruled with above until 1694)
82%
Anne 1702 - 1707 (then queen of Great Britain until 1714)
80%
Charles I 1625 - 1649
80%
James VI and I 1603 - 1625
80%
Mary I 1553 - 1558 (co-ruled with below from 1554)
80%
Charles II 1660 - 1685
78%
Edward II 1307 - 1327
78%
Edward III 1327 - 1377
78%
Alfred the Great 886 - 899 (king of Wessex from 871)
76%
Edward IV 1461 - 1470 (first time)
76%
James VII and II 1685 - 1688
76%
Richard II 1377 - 1399
76%
Stephen 1135 - 1154 (disputed)
76%
Richard I the Lionheart 1189 - 1199
75%
Mary II 1689 - 1694 (co-ruled with below)
73%
Harold II Godwinson 1066 (disputed)
65%
Æthelred the Unready 978 - 1013 (first time)
56%
Edward the Confessor 1042 - 1066
51%
John Lackland 1199 - 1216
51%
Philip 1554 - 1558 (co-ruled with above)
51%
Harold I Harefoot 1035 - 1040
49%
Empress Matilda 1141 (disputed)
47%
Lady Jane Grey 1553 (disputed)
47%
Æthelstan 924 - 939
38%
Edmund I 939 - 946
33%
Edmund II Ironside 1016
33%
Harthacnut 1040 - 1042
33%
Eadwig 955 - 959
29%
Cnut the Great 1016 - 1035
27%
Sweyn Forkbeard 1013 - 1014
27%
Edward the Elder 899 - 924
20%
Edward the Martyr 975 - 978
20%
Eadred 946 - 955
18%
Edgar the Peaceful 959 - 975
18%
Edgar Ætheling 1066 (disputed)
15%
Louis the Lion 1216-1217 (disputed)
13%
Ælfweard 924
11%
No matching quizzes found
Score Distribution
Percent of People with Each Score
Percentile by Number Answered
Your Score History
You have not taken this quiz